| 000 | 005250000a22001810004500 | ||
|---|---|---|---|
| 090 |
_aAR _b02249 |
||
| 245 | 1 | 0 | _aEtnobotánica y alimentación entre los Tunebo |
| 650 | 1 | 4 |
_aIndígenas _993177 |
| 650 | 1 | 4 |
_aTunebo _995761 |
| 650 | 1 | 4 |
_aConocimiento tradicional _992244 |
| 650 | 1 | 4 |
_aMedicina tradicional _994033 |
| 650 | 1 | 4 |
_aAspectos socioculturales _92478 |
| 651 | 4 |
_dBoyacá _pColombia _992749 |
|
| 041 | 0 | _aEspañol | |
| 100 | 1 |
_aPadilla R., Helena _995762 |
|
| 942 | _cARTICULO | ||
| 773 | 1 |
_tAGRO Vereda _3701 _q1-16 _d1983 |
|
| 999 |
_c11321 _d11321 |
||